US Cities with the Most Homeless - Statistics

General Stats
  • This quiz has been taken 488 times
  • The average score is 8 of 10
Answer Stats
Number of Homeless City % Correct
75,323 New York
98%
41,174 Los Angeles
96%
6,786 Chicago
92%
6,775 San Francisco
87%
10,122 Seattle
79%
8,742 San Diego
75%
6,492 Boston
74%
7.298 Washington, DC
71%
7,509 Las Vegas
54%
6,556 San Jose
43%
No matching quizzes found
Score Distribution
Percent of People with Each Score
Percentile by Number Answered
Your Score History
You have not taken this quiz